| 000 | nam a22 7a 4500 | ||
|---|---|---|---|
| 999 |
_c49103 _d49103 |
||
| 003 | OSt | ||
| 005 | 20190927113936.0 | ||
| 008 | 190927b xxu||||| |||| 00| 0 eng d | ||
| 040 | _cIIMT COLLEGE OF BJMC GREATER NOIDA | ||
| 100 | _aKUMAR, KEVAL J | ||
| 245 | _aMASS COMMUNICATION IN INDIA | ||
| 260 |
_aDELHI _bJAICO _c2018 |
||
| 300 | _a609 | ||
| 942 |
_2ddc _c02 _e4TH |
||